000 00463nam a22001697a 4500
003 CEME
005 20210628203647.0
008 210318b xxu||||| |||| 00| 0 eng d
040 _c.
082 _a519.5 MAS'S
100 _aJong, I. C , Rogers, B. G Lind, Douglas A , Mason, Robert D , Marchal, William C
_966737
245 _aStatistics , an introduction
250 _a4TH
260 _aFORT WORTH
_bSANDERS
_c1994
300 _aXVII,660P
942 _cBK
_2ddc
999 _c574651
_d574651